Pokémon - Les attaques de Magby - Statistiques

Statistiques générales
  • Ce quiz a été pris 14 fois
  • Le résultat moyen est 11 sur 14
Statistiques - réponses
Niveaux Types Noms des attaques % Correct
Niveau 48 Feu Déflagration
100%
Niveau 4 Feu Flammèche
100%
Niveau 40 Feu Lance-Flammes
91%
Niveau 28 Feu Poing Feu
91%
Départ Poison Purédpois
91%
Niveau 20 Spectre Onde Folie
82%
Niveau 16 Feu Roue de Feu
82%
Niveau 8 Normal Brouillard
73%
Départ Normal Groz'Yeux
73%
Niveau 44 Feu Zénith
73%
Niveau 12 Poison Bain de Smog
64%
Niveau 36 Combat Balayage
55%
Niveau 32 Feu Ébullilave
55%
Niveau 24 Normal Grimace
45%
Aucun quiz correspondant
Distribution des résultats
% des personnes avec chaque résultat
Percentile par nombre de réponses
Votre historique - résultats
Vous n’avez pas pris ce quiz